000 00335nam a2200145Ia 4500
100 _aTremblay J.P
250 _a2
942 _cBK
654 _aComputer Science
245 _aIntroduction to Computer Science:An algorithmic approach
260 _bTata Mc Graw hill
_c1989
082 _a5.1
_bTRE
546 _aENGLISH
999 _c32132
_d32132